000 01042nam a2200277Ia 4500
003 OSt
005 20221005110543.0
006 a|||||r|||| 00| 0
007 ta
008 221004b |||||||| |||| 00| 0 hin d
020 _a9789326354288 (pbk)
_cIndian Rupees 150
024 _a44143
037 _bGift, 06/06/2019,
_cTextual
040 _aCRL
_cCRL
_bhin
041 _2hin
_ahin
082 _aP1518, 152Q5
100 _aशर्मा, राजमणि, ले.
245 0 _aअपभ्रंश भाषा और साहित्य
246 _aApabhransha bhāṣhā aur sāhitya
260 _aनई दिल्ली
_bभारतीय ज्ञानपीठ भारत
_c2015
300 _a199पृ0
_ccm.
490 _aलोकोदय ग्रन्थमाला; ग्रन्थांक 989
650 _aहिन्दी भाषा
942 _hP1518, 152Q5
_cTEXL
_2cc
999 _c1019184
_d1019184